What is the opposite? - Statistics

General Stats
  • This quiz has been taken 56 times
  • The average score is 7 of 15
Answer Stats
Hint Answer % Correct
Good Bad
100%
-6 6
96%
Up Down
96%
Feminine Masculine
90%
Jr. Sr.
85%
Antonym Synonym
77%
Giant Dwarf
37%
Fall Spring
37%
Leave Arrive
35%
Immigrate Emigrate
35%
Drama Comedy
31%
Freeze Boil
17%
The Enlightenment Dark Ages
12%
Indifference Emotion
2%
Vertical Horozontal
0%
No matching quizzes found
Score Distribution
Percent of People with Each Score
Percentile by Number Answered
Your Score History
You have not taken this quiz